The elements of design : (Record no. 22923)
[ view plain ]
| 000 -LEADER | |
|---|---|
| fixed length control field | 01032cam a22002534a 4500 |
| 001 - CONTROL NUMBER | |
| control field | 12545382 |
| 005 - DATE AND TIME OF LATEST TRANSACTION | |
| control field | 20170125110335.0 |
| 008 - FIXED-LENGTH DATA ELEMENTS--GENERAL INFORMATION | |
| fixed length control field | 010925s2002 nyua 000 0 eng |
| 010 ## - LIBRARY OF CONGRESS CONTROL NUMBER | |
| LC control number | 2001096299 |
| 020 ## - INTERNATIONAL STANDARD BOOK NUMBER | |
| International Standard Book Number | 0500283397 |
| 040 ## - CATALOGING SOURCE | |
| Original cataloging agency | DLC |
| Transcribing agency | DLC |
| 042 ## - AUTHENTICATION CODE | |
| Authentication code | pcc |
| 050 00 - LIBRARY OF CONGRESS CALL NUMBER | |
| Classification number | NK1530 .O35 2002 |
| 100 1# - MAIN ENTRY--PERSONAL NAME | |
| Personal name | Oei, Loan. |
| 245 14 - TITLE STATEMENT | |
| Title | The elements of design : |
| Remainder of title | rediscovering colors, textures, forms, and shapes / |
| Statement of responsibility, etc. | Loan Oei and Cecile De Kegel. |
| 260 ## - PUBLICATION, DISTRIBUTION, ETC. (IMPRINT) | |
| Place of publication, distribution, etc. | New York, N.Y. : |
| Name of publisher, distributor, etc. | Thames & Hudson, |
| Date of publication, distribution, etc. | 2002. |
| 300 ## - PHYSICAL DESCRIPTION | |
| Extent | 208 p. : |
| Other physical details | chiefly ill. (some col.) ; |
| Dimensions | 21 x 25 cm. |
| 650 #0 - SUBJECT ADDED ENTRY--TOPICAL TERM | |
| Topical term or geographic name as entry element | Design |
| General subdivision | Themes, motives |
| Form subdivision | Pictorial works. |
| 650 #0 - SUBJECT ADDED ENTRY--TOPICAL TERM | |
| Topical term or geographic name as entry element | Design |
| General subdivision | Themes, motives |
| Form subdivision | Catalogs. |
| 700 1# - ADDED ENTRY--PERSONAL NAME | |
| Personal name | Kegel, Cecile De. |
| 942 ## - ADDED ENTRY ELEMENTS (KOHA) | |
| Source of classification or shelving scheme | |
| Koha item type | Hard Covered Materials |
| Withdrawn status | Lost status | Source of classification or shelving scheme | Damaged status | Not for loan | Home library | Current library | Shelving location | Date acquired | Source of acquisition | Total Checkouts | Full call number | Barcode | Date last seen | Price effective from | Koha item type |
|---|---|---|---|---|---|---|---|---|---|---|---|---|---|---|---|
| MACHAKOS UNIVERSITY LIBRARY | MACHAKOS UNIVERSITY LIBRARY | Technical section | 25/01/2017 | Donation(BFA) | NK1530 .O35 2002 | 30516 | 24/07/2018 | 25/01/2017 | Hard Covered Materials |